[Event "23rd ETCC Open 2021"]
[Site "Catez"]
[Date "2021.11.14"]
[Round "3.76"]
[White "Saraci, Korab"]
[Black "Gordon, Frederick"]
[Result "1-0"]
[WhiteElo "2149"]
[BlackElo "1739"]
[Annotator "NA"]
[PlyCount "67"]
[EventDate "2021.11.08"]
[EventType "team-tourn"]
[EventCountry "SLO"]
[SourceTitle "playchess.com"]
[Source "ChessBase"]
[SourceQuality "1"]
[WhiteTeam "Kosovo"]
[BlackTeam "Scotland"]
[WhiteTeamCountry "KOS"]
[BlackTeamCountry "SCO"]
[TimeControl "40/5400+30:1800+30"]

1. d4 d5 2. c4 e6 3. Nf3 Nf6 4. g3 a6 5. Bg2 dxc4 6. Ne5 c5 7. e3 cxd4 8. exd4
Bb4+ 9. Nc3 O-O 10. O-O Nd5 11. Nxc4 Nxc3 12. bxc3 Bxc3 13. Rb1 a5 14. Qb3 Bb4
15. a3 Be7 16. Nb6 Ra7 17. Be3 a4 18. Qc3 Nd7 19. d5 Ra6 20. d6 Bxd6 21. Qxc8
Qxc8 22. Nxc8 Rxc8 23. Bxb7 Rcc6 24. Bxc6 Rxc6 25. Rfd1 Nf8 26. Rd3 e5 27. Rb6
Rxb6 28. Bxb6 Be7 29. Ba5 e4 30. Rc3 f5 31. Bb4 Ng6 32. Bxe7 Nxe7 33. Rc4 Nd5
34. Rxa4 1-0

[Event "23rd ETCC Open 2021"]
[Site "Catez"]
[Date "2021.11.15"]
[Round "4.1"]
[White "Erdos, Viktor"]
[Black "Mamedyarov, Shakhriyar"]
[Result "1/2-1/2"]
[WhiteElo "2615"]
[BlackElo "2765"]
[Annotator "TA"]
[PlyCount "62"]
[EventDate "2021.11.08"]
[EventType "team-tourn"]
[EventCountry "SLO"]
[SourceTitle "playchess.com"]
[Source "ChessBase"]
[SourceQuality "1"]
[WhiteTeam "Hungary"]
[BlackTeam "Azerbaijan"]
[WhiteTeamCountry "HUN"]
[BlackTeamCountry "AZE"]

{[%evp 16,62,8,0,15,14,10,0,2,0,3,17,47,56,50,48,58,49,72,47,43,35,54,29,36,36,
50,29,49,49,49,49,49,49,49,49,49,49,56,50,50,50,52,54,51,0,52,42,52]} 1. e4 e5
2. Nf3 Nc6 3. Nc3 Nf6 4. d4 exd4 5. Nxd4 Bb4 6. Nxc6 bxc6 7. Bd3 d5 8. Bd2 O-O
9. O-O a5 {9...Rb8 is becoming the main line. C47: Scotch Four Knights and
Four Knights with 4 g3.} 10. Re1 {[#]} Bg4 $146 ({Predecessor:} 10... Be6 11.
a3 Bc5 12. h3 Nd7 13. Qh5 g6 14. Qf3 Qf6 15. Qxf6 Nxf6 16. Bf4 Rfc8 17. Rac1 {
1/2-1/2 (42) Csonka,B (2496)-McShane,L (2674) Douglas 2021}) 11. Qc1 Re8 {
The position is equal.} 12. a3 Bxc3 13. Bxc3 Nxe4 14. Bxe4 dxe4 15. Qf4 Bh5 16.
Rxe4 f6 17. Rxe8+ Bxe8 18. Re1 a4 19. Qe4 Qd5 20. h3 Bg6 21. Qe6+ Qxe6 22. Rxe6
$11 {[%mdl 4096] Endgame KRB-KRB} Ra6 23. Re7 Bxc2 24. Rxc7 h5 25. g4 hxg4 26.
hxg4 Be4 27. f4 Ra8 28. g5 Rf8 29. Ra7 Bc2 30. Rc7 Be4 31. Kf2 Rf7 {Weighted
Error Value: White=0.08/Black=0.06} 1/2-1/2

[Event "23rd ETCC Open 2021"]
[Site "Catez"]
[Date "2021.11.15"]
[Round "4.2"]
[White "Radjabov, Teimour"]
[Black "Berkes, Ferenc"]
[Result "1/2-1/2"]
[WhiteElo "2763"]
[BlackElo "2676"]
[Annotator "TA"]
[PlyCount "60"]
[EventDate "2021.11.08"]
[EventType "team-tourn"]
[EventCountry "SLO"]
[SourceTitle "playchess.com"]
[Source "ChessBase"]
[SourceQuality "1"]
[WhiteTeam "Azerbaijan"]
[BlackTeam "Hungary"]
[WhiteTeamCountry "AZE"]
[BlackTeamCountry "HUN"]

{[%evp 9,60,29,24,18,20,21,26,17,21,21,14,27,21,10,13,5,11,-3,12,0,1,0,0,1,2,5,
14,10,17,17,20,20,13,10,14,11,18,22,22,10,23,16,43,43,35,0,0,0,35,0,0,0,27]} 1.
d4 d5 2. c4 c6 3. Nf3 Nf6 4. Nc3 a6 5. e3 Bf5 6. Bd3 {D15: Slav Defence: 4 Nc3
a6 and gambit lines after 4 Nc3 dxc4.} (6. c5 {looks sharper.} h6 7. b4 Nbd7 8.
Be2 e6 9. a4) 6... Bxd3 7. Qxd3 e6 8. O-O {White has an edge.} Bb4 9. Bd2 {
Threatening Nxd5.} O-O 10. Rfd1 {10.Rfd1 has lost popularity.} Ba5 11. Rac1
Nbd7 12. b3 Re8 13. h3 {[#]} h6 $146 ({Predecessor:} 13... Rc8 14. cxd5 exd5
15. Na4 Bc7 16. b4 Ne4 17. Nc5 Ndxc5 18. bxc5 Bb8 19. Rb1 Rc7 {0-1 (61) Ben
Artzi,I (2419)-Postny,E (2658) Berlin 2015}) 14. Be1 Rc8 15. a3 Bc7 16. e4 dxe4
17. Nxe4 Nxe4 18. Qxe4 Qe7 19. Bb4 Bd6 20. Bxd6 Qxd6 21. c5 Qe7 22. Ne5 Rcd8
23. Nc4 Nf6 24. Qe2 Rd5 25. Rd3 Red8 26. Rcd1 h5 27. Ne5 Nd7 28. Nc4 Nf6 29.
Ne5 Nd7 {White should prevent ...Nxe5.} 30. Nc4 Nf6 {Weighted Error Value:
White=0.06/Black=0.03} 1/2-1/2

[Event "23rd ETCC Open 2021"]
[Site "Catez"]
[Date "2021.11.15"]
[Round "4.3"]
[White "Banusz, Tamas"]
[Black "Mamedov, Rauf"]
[Result "0-1"]
[WhiteElo "2607"]
[BlackElo "2673"]
[Annotator "TA"]
[PlyCount "72"]
[EventDate "2021.11.08"]
[EventType "team-tourn"]
[EventCountry "SLO"]
[SourceTitle "playchess.com"]
[Source "ChessBase"]
[SourceQuality "1"]
[WhiteTeam "Hungary"]
[BlackTeam "Azerbaijan"]
[WhiteTeamCountry "HUN"]
[BlackTeamCountry "AZE"]

{[%evp 20,72,18,0,9,12,2,0,0,0,0,0,0,0,0,0,0,-46,0,-4,14,14,47,15,25,0,0,0,0,
-10,0,-120,-123,-371,-363,-356,-357,-372,-333,-576,-491,-597,-595,-578,-567,
-637,-641,-656,-651,-626,-618,-628,-621,-666,-572]} 1. d4 Nf6 2. Nf3 g6 3. g3
Bg7 4. Bg2 d5 5. c4 c6 6. b3 dxc4 7. bxc4 c5 8. O-O O-O 9. Bb2 cxd4 10. Nxd4
Qb6 11. Qc1 {is now more promising than 11.Qb3.} Bd7 {A49: 1 d4 Nf6 2 Nf3 g6 3
g3: Anti-King's Indian systems.} 12. Nd2 Nc6 13. Nc2 Rac8 {The position is
equal.} 14. Bc3 Be6 15. Rb1 Qa6 16. Qb2 Rfd8 17. Ne3 b6 {[#]} 18. Bf3 $146 ({
Predecessor:} 18. Nd5 Ne8 19. Bxg7 Nxg7 20. Rfc1 Nf5 21. Nb3 Nd6 22. Nd2 Nxc4
23. Nxc4 Bxd5 24. Bxd5 Rxd5 {0-1 (56) Giri,A (2785)-So,W (2815) Chess.com INT
2017}) 18... Nb8 {[%cal Bc6b8,Bb8d7,Bd7c5,Bc5a4,Ba4b2][%mdl 32]} 19. Nd5 Bxd5
20. cxd5 Nbd7 21. Rbc1 Nc5 22. Bd4 Bh6 23. Bxf6 exf6 24. Rfd1 f5 25. Rc2 {[#]}
(25. Kg2 $11) 25... Na4 $1 $17 {[%cal Ra4b2]} 26. Rxc8 $2 {Loses the game.} (
26. Qf6 $17 Nc3 {[%mdl 64] Discovered Attack} 27. Rxc3) 26... Nxb2 $19 27.
Rxd8+ Kg7 28. Rb1 Qxa2 29. e3 $2 (29. Rxb2 Qxb2 30. Nf1) 29... Na4 {Black is
clearly winning.} 30. Rc8 {[#]} Bxe3 $1 {[%mdl 512]} 31. fxe3 {Black must now
prevent Rd1.} Qxd2 32. Rd1 Qxe3+ {[%mdl 64] Double Attack} 33. Kg2 {intending
d6.} Nb2 34. Rf1 Nd3 35. Rc2 Ne5 36. d6 {and the idea Re2 leaves White hopeful.
} Qd3 {Weighted Error Value: White=0.47/Black=0.07} 0-1

[Event "23rd ETCC Open 2021"]
[Site "Catez"]
[Date "2021.11.15"]
[Round "4.4"]
[White "Guseinov, Gadir"]
[Black "Gledura, Benjamin"]
[Result "0-1"]
[WhiteElo "2665"]
[BlackElo "2635"]
[Annotator "TA"]
[PlyCount "77"]
[EventDate "2021.11.08"]
[EventType "team-tourn"]
[EventCountry "SLO"]
[SourceTitle "playchess.com"]
[Source "ChessBase"]
[SourceQuality "1"]
[WhiteTeam "Azerbaijan"]
[BlackTeam "Hungary"]
[WhiteTeamCountry "AZE"]
[BlackTeamCountry "HUN"]

{[%evp 13,77,32,27,25,13,14,37,35,21,9,23,0,0,0,3,-22,-10,-26,-44,-78,-74,-72,
-73,-67,-64,-80,-61,-64,-68,-55,-32,-28,-28,-29,-27,-28,-30,-43,-29,-55,-55,
-80,-80,-95,-97,-193,-193,-321,-193,-193,-193,-193,-179,-179,-179,-1489,-1468,
-6183,-6162,-6162,-6157,-5666,-5585,-5377,-5210,-2121]} 1. e4 e5 2. Nf3 Nf6 3.
d4 Nxe4 4. Bd3 d5 5. Nxe5 Nd7 6. Nxd7 Bxd7 7. O-O Bd6 8. c4 {8.Nc3 is more
advanced technology. C43: Petroff Defence: 3 d4.} O-O 9. cxd5 f5 10. Nc3 {
White is slightly better.} Qf6 11. Qf3 Ng5 {[#]} 12. Bxg5 $146 ({Predecessor:} 
12. Qh5 h6 13. Bb5 Rad8 14. Bxd7 Rxd7 15. Re1 Ne4 16. f3 g6 17. Nxe4 fxe4 18.
Qg4 exf3 {1/2-1/2 (34) Hyde,N (2223)-Robertshaw,A (2075) ICCF email 2017})
12... Qxg5 13. Bb5 Bc8 14. Rad1 (14. Qe3 {feels hotter.} Bf4 15. Qh3 Bd6 16.
Ba4 a6 17. Qe3) 14... a6 15. Ba4 (15. Be2 {is more complex.} Qf6 16. Qe3 g5 17.
Bd3 Bd7 18. Qd2) 15... Qh6 {[%csl Gd6][%cal Rh6h2] [#]} 16. Qh3 Qxh3 17. gxh3
b5 18. Bb3 Bd7 19. Rfe1 Rfe8 20. Kg2 Rxe1 21. Rxe1 Re8 22. Rxe8+ Bxe8 $15 {
[%mdl 4096] Endgame KBB-KBN} 23. a4 Kf7 24. axb5 axb5 {[%cal Ba6b5,Bb5b4][%mdl
32]} 25. Bc2 Kf6 26. Bd3 b4 27. Nb5 Kg5 28. Nxd6 cxd6 $17 {KB-KB} 29. h4+ (29.
Kf3 $17 {was called for.}) 29... Kf4 $19 30. f3 (30. Kf1 $142) 30... Bh5 31.
Kf2 Bxf3 32. Bxf5 h6 33. Be6 Bh5 34. Bg8 $2 {[#]} (34. Ke1) 34... Ke4 {Black
is clearly winning.} 35. Kg3 Kxd4 36. Kf4 g6 37. Be6 Kc4 38. Ke4 Kb3 39. Kd4 {
Weighted Error Value: White=0.58/Black=0.09} 0-1

[Event "23rd ETCC Open 2021"]
[Site "Catez"]
[Date "2021.11.15"]
[Round "4.5"]
[White "Grischuk, Alexander"]
[Black "Duda, Jan-Krzysztof"]
[Result "1/2-1/2"]
[WhiteElo "2773"]
[BlackElo "2756"]
[Annotator "TA"]
[PlyCount "61"]
[EventDate "2021.11.08"]
[EventType "team-tourn"]
[EventCountry "SLO"]
[SourceTitle "playchess.com"]
[Source "ChessBase"]
[SourceQuality "1"]
[WhiteTeam "Russia"]
[BlackTeam "Poland"]
[WhiteTeamCountry "RUS"]
[BlackTeamCountry "POL"]

{[%evp 14,61,38,12,9,18,18,10,10,0,22,16,19,10,12,16,21,8,28,0,0,0,0,0,0,0,11,
0,29,22,39,54,33,6,7,6,9,8,23,20,19,6,6,5,5,2,7,3,2,2]} 1. e4 e5 2. Nf3 Nf6 3.
Nxe5 d6 4. Nf3 Nxe4 5. d4 d5 6. Bd3 Bf5 {6...Bd6 is setting a new trend.} 7.
O-O Be7 8. c4 dxc4 {C42: Petroff Defence: 3 Nxe5 and unusual White 3rd moves.}
9. Bxc4 O-O 10. Nc3 Nc6 {[%cal Bb8c6,Bc6b4,Bb4d3][%mdl 32]} 11. Re1 Nd6 12. Bd5
Nb4 {Black wants to play ...Nc2.} 13. Bb3 Nd3 {[#]} 14. Re3 $146 ({Predecessor:
} 14. Re2 Nxc1 15. Qxc1 c6 16. Qf4 Bf6 17. Rae1 Bd3 18. Re3 Bc4 19. Bc2 g6 20.
h4 {1-0 (91) Grischuk,A (2766)-Duda,J (2737) Chess.com INT 2018}) 14... Nxc1
15. Rxc1 Bg4 (15... c6 {is interesting.} 16. Qf1 Bf6 17. Ne5 a6 18. Rce1 g6)
16. h3 (16. Qd3 {with more complications.} Nf5 17. Re5 g6 18. Nd2 Bg5 19. h3)
16... Bxf3 17. Rxf3 ({Of course not} 17. Qxf3 Bg5 $17) 17... Bg5 18. Rc2 c6 19.
Na4 Re8 20. g3 Qe7 21. Kg2 Qe1 22. Qxe1 Rxe1 23. Nc5 {[#] Strongly threatening
Nxb7!} Re7 24. Rd3 Rc8 25. d5 {dxc6 is the strong threat.} Rec7 26. dxc6 Rxc6 {
The position is equal.} 27. Re2 Rxc5 28. Rxd6 {Threatens to win with Rd7.} Kf8
29. Rd7 R5c7 30. Rxc7 Rxc7 31. Rc2 {Weighted Error Value: White=0.05/Black=0.05
} 1/2-1/2

[Event "23rd ETCC Open 2021"]
[Site "Catez"]
[Date "2021.11.15"]
[Round "4.6"]
[White "Wojtaszek, Radoslaw"]
[Black "Dubov, Daniil"]
[Result "0-1"]
[WhiteElo "2700"]
[BlackElo "2714"]
[Annotator "TA"]
[PlyCount "54"]
[EventDate "2021.11.08"]
[EventType "team-tourn"]
[EventCountry "SLO"]
[SourceTitle "playchess.com"]
[Source "ChessBase"]
[SourceQuality "1"]
[WhiteTeam "Poland"]
[BlackTeam "Russia"]
[WhiteTeamCountry "POL"]
[BlackTeamCountry "RUS"]

{[%evp 9,54,21,47,20,19,12,17,23,24,10,16,7,7,0,8,12,17,5,4,14,12,7,0,7,21,33,
38,12,17,0,0,0,0,-13,0,0,0,0,0,-539,-523,-522,-531,-516,-520,-516,-505]} 1. d4
Nf6 2. c4 g6 3. Nc3 d5 4. cxd5 Nxd5 5. Bd2 c5 6. e4 {D85: Exchange Grünfeld:
Unusual White 7th moves and lines with 7 Nf3.} Nxc3 7. Bxc3 cxd4 8. Bxd4 {
The position is equal.} e5 9. Bc3 {[#]} Bd6 $146 (9... Qe7 {with more
complications.} 10. Bb5+ Nc6 11. a3 Bg7 12. Bb4 Qe6) ({Predecessor:} 9... Qxd1+
10. Rxd1 Nc6 11. Bb5 f6 12. f4 Bd7 13. Nf3 Be7 14. g3 a6 15. Bc4 Bg4 {1/2-1/2 
(37) Erigaisi,A (2626)-Puranik,A (2568) Plovdiv 2021}) 10. Bb5+ Nc6 11. Nf3 {
Threatening Bxc6+.} O-O 12. O-O Qe7 13. h3 f6 14. Bxc6 bxc6 15. Qa4 Be6 16.
Rfd1 a5 17. Qxc6 Bc5 18. Qa4 Rfc8 19. Rac1 Qf7 20. b3 Qb7 21. Be1 Kf7 22. Rc2
Ke7 {Strongly threatening ...Bd7.} 23. Kh2 ({Don't blunder} 23. Bxa5 $2 {[#]}
Rxa5 $1 {[%mdl 512]} 24. Qxa5 Bb4 $19) 23... g5 24. Bxa5 $2 {[%mdl 8192] [#]} (
24. Rcd2 $11) 24... Rxa5 $1 $19 {[%mdl 576] Remove Defender. Black is clearly
winning.} 25. Qxa5 Bb4 {[%mdl 64] Discovered Attack} 26. Qa4 {Threatens to win
with Rxc8.} Rxc2 27. a3 Bd6 {Weighted Error Value: White=0.44/Black=0.03} 0-1

[Event "23rd ETCC Open 2021"]
[Site "Catez"]
[Date "2021.11.15"]
[Round "4.7"]
[White "Alekseenko, Kirill"]
[Black "Piorun, Kacper"]
[Result "1/2-1/2"]
[WhiteElo "2710"]
[BlackElo "2634"]
[Annotator "TA"]
[PlyCount "61"]
[EventDate "2021.11.08"]
[EventType "team-tourn"]
[EventCountry "SLO"]
[SourceTitle "playchess.com"]
[Source "ChessBase"]
[SourceQuality "1"]
[WhiteTeam "Russia"]
[BlackTeam "Poland"]
[WhiteTeamCountry "RUS"]
[BlackTeamCountry "POL"]

{[%evp 16,61,15,0,0,0,0,0,0,0,12,16,14,0,31,21,20,0,37,15,22,8,10,23,20,12,21,
16,6,5,35,30,24,25,25,8,7,5,10,0,0,0,0,0,0,0,0,0]} 1. e4 e6 2. d4 d5 3. Nc3 Bb4
4. e5 c5 5. a3 Ba5 6. b4 cxd4 7. Nb5 Bc7 8. f4 Bd7 9. Nf3 Bxb5 {C18: French: 3
Nc3 Bb4: Main line: 7 h4 and 7 Qg4.} 10. Bxb5+ Nc6 {10...Nc6 scores better
than 10...Nd7.} 11. O-O Nge7 12. Bd3 Nf5 13. Bxf5 exf5 14. Bb2 ({Not} 14. Nxd4
$2 Nxd4 15. Kh1 Ne6 $19) 14... Qd7 15. Kh1 Bb6 16. Qd3 {[%cal Rb2d4] [#]} a6
$146 ({Predecessor:} 16... Rc8 17. Rad1 O-O 18. Rd2 Ne7 19. Re1 Qa4 20. e6 f6
21. Bxd4 Rc4 22. Bxb6 axb6 {1-0 (48) Padmini,R (2243)-Van Leent,D (2192)
Dieren 2009}) 17. Rad1 {[%cal Rf3d4]} O-O 18. Bxd4 Nxd4 19. Nxd4 Bxd4 20. Qxd4
{Black must now prevent c4.} Qa4 21. Qxd5 Qxa3 22. Qxb7 Qc3 23. Rd7 {[#]
Hoping for Rxf7!} Qc4 {[%cal Rc4f1]} 24. Rfd1 {And now Qxa8! would win.} Qxc2
25. e6 Rae8 {The position is equal.} 26. R7d2 Qe4 {[%mdl 64] [#] Double Attack}
27. exf7+ Rxf7 28. Qxa6 Qxb4 29. Rd8 Rfe7 30. Qa2+ Kf8 {( -> ...Re1+)} 31.
Rxe8+ {[%mdl 64] Back Rank. A rather calm draw.  Weighted Error Value: White=0.
05/Black=0.05} 1/2-1/2

[Event "23rd ETCC Open 2021"]
[Site "Catez"]
[Date "2021.11.15"]
[Round "4.8"]
[White "Teclaf, Pawel"]
[Black "Artemiev, Vladislav"]
[Result "1/2-1/2"]
[WhiteElo "2543"]
[BlackElo "2699"]
[Annotator "TA"]
[PlyCount "42"]
[EventDate "2021.11.08"]
[EventType "team-tourn"]
[EventCountry "SLO"]
[SourceTitle "playchess.com"]
[Source "ChessBase"]
[SourceQuality "1"]
[WhiteTeam "Poland"]
[BlackTeam "Russia"]
[WhiteTeamCountry "POL"]
[BlackTeamCountry "RUS"]

{[%evp 16,42,-10,-19,14,15,34,38,35,9,20,0,2,-10,12,0,7,0,25,22,22,24,39,0,30,
0,41,0,29]} 1. e4 c5 2. Nf3 d6 3. Bb5+ Bd7 4. c4 Nf6 5. Nc3 g6 6. d4 cxd4 7.
Nxd4 Bg7 8. O-O Nc6 9. Be3 O-O {B54: Sicilian: 2...d6 3 d4 cxd4 4 Nxd4,
Unusual Lines .} 10. f3 a6 11. Bxc6 bxc6 {White is slightly better.} 12. c5 Qb8
{[#]} 13. cxd6 $146 ({Predecessor:} 13. Qd2 Rd8 14. cxd6 exd6 15. Rfd1 Be8 16.
Rac1 d5 17. exd5 Nxd5 18. Nxd5 Rxd5 19. Qc2 {0-1 (63) Maze,S (2582)-Al Sayed,M
(2520) Berlin 2015}) 13... exd6 14. Qd2 Re8 15. Bf4 Nh5 16. Be3 a5 17. Rad1 Nf6
18. Bf4 Nh5 {[#] aiming for ...Bxd4+.} 19. Be3 Nf6 20. Bf4 Nh5 21. Be3 Nf6 {
Weighted Error Value: White=0.15/Black=0.11} 1/2-1/2

[Event "23rd ETCC Open 2021"]
[Site "Catez"]
[Date "2021.11.15"]
[Round "4.9"]
[White "Korobov, Anton"]
[Black "Shirov, Alexei"]
[Result "1/2-1/2"]
[WhiteElo "2684"]
[BlackElo "2673"]
[Annotator "TA"]
[PlyCount "71"]
[EventDate "2021.11.08"]
[EventType "team-tourn"]
[EventCountry "SLO"]
[SourceTitle "playchess.com"]
[Source "ChessBase"]
[SourceQuality "1"]
[WhiteTeam "Ukraine"]
[BlackTeam "Spain"]
[WhiteTeamCountry "UKR"]
[BlackTeamCountry "ESP"]

{[%evp 22,71,17,2,27,21,8,0,30,29,108,108,105,117,105,106,115,62,84,28,0,0,0,0,
0,0,0,0,0,0,0,0,0,0,0,0,0,0,0,0,0,0,0,0,0,0,0,0,0,0,0,-261]} 1. d4 d5 2. c4 c6
3. Nf3 Nf6 4. Nc3 e6 5. Bg5 dxc4 6. e4 b5 7. e5 h6 8. Bh4 g5 9. Nxg5 hxg5 10.
Bxg5 Nbd7 11. exf6 Bb7 12. h4 Nxf6 {[#] D44: Semi-Slav: Botvinnik System.} 13.
Rh3 $146 ({Predecessor:} 13. Qf3 Be7 14. Be2 Nd5 15. Bxe7 Qxe7 16. Nxd5 exd5
17. Qf4 Kf8 18. Kf1 Re8 19. Bf3 Kg7 20. Qg4+ Kf8 21. Qf4 Kg7 22. Qg4+ {1/2-1/2
(22) Voll,A (2553)-Serban,F (2623) ICCF email 2012}) 13... Be7 14. g4 Qd7 15.
Qe2 $1 {[%cal Re2e5] And now Qe5 would win.} b4 {[#]} (15... Rd8 $11 {remains
equal.}) 16. Qe5 $1 $16 bxc3 17. bxc3 Rg8 {aiming for ...Nd5.} 18. Bxf6 Rxg4
19. Bxe7 ({Wrong is} 19. Bxc4 $2 Rg1+ 20. Bf1 Ba6 $19) (19. Bg5 $16) 19... Qxe7
$14 20. Rb1 ({Avoid the trap} 20. Bxc4 $2 Rg1+ 21. Bf1 Ba6 $19) (20. h5 $16)
20... O-O-O $1 $11 21. Rg3 {The position is equal.} Qxh4 22. Bg2 {Hoping for
Rxb7.} Rxg3 23. fxg3 Qe7 24. Rb4 Qc7 25. Qxc7+ Kxc7 26. Rxc4 {[%mdl 4096]
Endgame KRB-KRB} Rg8 27. Kf2 Rg5 28. Be4 Ra5 29. a4 Rh5 30. g4 Rg5 31. Kf3 a5
32. Kf4 f6 33. Bf3 Kd6 34. Be4 Ba8 35. Bf3 Bb7 36. Ke4 $2 {[%mdl 40960]
Weighted Error Value: White=0.06/Black=0.09. An unexpected result.} (36. Bg2
$11 {and White has nothing to worry.}) 1/2-1/2

[Event "23rd ETCC Open 2021"]
[Site "Catez"]
[Date "2021.11.15"]
[Round "4.10"]
[White "Anton Guijarro, David"]
[Black "Volokitin, Andrei"]
[Result "1/2-1/2"]
[WhiteElo "2669"]
[BlackElo "2656"]
[Annotator "TA"]
[PlyCount "66"]
[EventDate "2021.11.08"]
[EventType "team-tourn"]
[EventCountry "SLO"]
[SourceTitle "playchess.com"]
[Source "ChessBase"]
[SourceQuality "1"]
[WhiteTeam "Spain"]
[BlackTeam "Ukraine"]
[WhiteTeamCountry "ESP"]
[BlackTeamCountry "UKR"]

{[%evp 9,66,12,11,14,17,20,10,11,22,16,25,16,13,14,30,9,33,8,17,11,3,12,30,12,
16,-10,-10,-20,-7,-27,-23,-30,0,0,0,-15,23,18,25,29,65,69,89,87,116,35,33,15,
23,27,19,4,72,0,0,0,0,0,0]} 1. d4 Nf6 2. Nf3 d5 3. e3 c5 4. Be2 Nc6 5. O-O Bg4
6. h3 {D04: Colle System.} Bh5 7. dxc5 e6 8. a3 Bxc5 9. b4 Bd6 {[#]} 10. Nbd2
$146 ({Predecessor:} 10. Bb2 O-O 11. Nbd2 Rc8 12. c4 Qe7 13. cxd5 Nxd5 14. Ne4
Bb8 15. Rc1 Bg6 16. Nc3 {0-1 (74) Kantor,J (1900)-Hidegh,L (1889) Hungary 2018}
) 10... a5 11. b5 Ne5 12. Bb2 Bxf3 (12... Ned7 {seems wilder.} 13. c4 Qe7 14.
cxd5 exd5 15. a4 O-O) 13. Bxf3 Rc8 14. Be2 O-O 15. Rc1 Bb8 16. c4 Qd6 17. f4 (
17. g3 {is interesting.} h5 18. cxd5 Rxc1 19. Qxc1 exd5 20. h4) 17... Ned7 18.
cxd5 exd5 19. Rxc8 Rxc8 20. Bg4 Rd8 (20... Re8 {is more complex.} 21. Bxd7 Nxd7
22. Qg4 g6 23. Bd4 f5) 21. Bxd7 Nxd7 22. Kh2 Nf8 23. Nf3 Qg6 24. Qd2 Bc7 25.
Rc1 Ne6 26. Nd4 {[#] Threatens to win with Nxe6.} Nxd4 27. Bxd4 (27. Rxc7 $16
Nf5 28. g4 (28. Rxb7 h5 $14)) 27... Bb6 $14 28. a4 h5 29. Bxb6 Qxb6 30. Qd4 Qg6
(30... Qe6 $1 $11) 31. Rc5 (31. Qe5 $16) 31... h4 $11 {The position is equal.}
32. Rxd5 Qg3+ 33. Kh1 Qe1+ {Weighted Error Value: White=0.08/Black=0.13}
1/2-1/2

[Event "23rd ETCC Open 2021"]
[Site "Catez"]
[Date "2021.11.15"]
[Round "4.11"]
[White "Kuzubov, Yuriy"]
[Black "Salgado Lopez, Ivan"]
[Result "1/2-1/2"]
[WhiteElo "2637"]
[BlackElo "2609"]
[Annotator "ChessBase"]
[PlyCount "60"]
[EventDate "2021.11.08"]
[EventType "team-tourn"]
[EventCountry "SLO"]
[SourceTitle "playchess.com"]
[Source "ChessBase"]
[SourceQuality "1"]
[WhiteTeam "Ukraine"]
[BlackTeam "Spain"]
[WhiteTeamCountry "UKR"]
[BlackTeamCountry "ESP"]
[TimeControl "40/5400+30:1800+30"]

1. d4 Nf6 2. c4 e6 3. Nf3 d5 4. Nc3 Be7 5. Bg5 h6 6. Bh4 dxc4 7. e3 c5 8. dxc5
Qxd1+ 9. Rxd1 Nbd7 10. c6 bxc6 11. Bxc4 Nd5 12. Bxe7 Kxe7 13. Rc1 Bb7 14. O-O
N5b6 15. Be2 c5 16. Rfd1 Rhc8 17. Nd2 a5 18. Nde4 Bxe4 19. Nxe4 a4 20. Bb5 a3
21. Bxd7 axb2 22. Bxc8 bxc1=Q 23. Rxc1 Nxc8 24. Rxc5 Rxa2 25. g3 Nd6 26. Nxd6
Kxd6 27. Rb5 Ke7 28. h4 g6 29. Kg2 h5 30. Rb7+ Kf6 1/2-1/2

[Event "23rd ETCC Open 2021"]
[Site "Catez"]
[Date "2021.11.15"]
[Round "4.12"]
[White "Santos Ruiz, Miguel"]
[Black "Onyshchuk, Volodymyr"]
[Result "1/2-1/2"]
[WhiteElo "2603"]
[BlackElo "2622"]
[Annotator "TA"]
[PlyCount "73"]
[EventDate "2021.11.08"]
[EventType "team-tourn"]
[EventCountry "SLO"]
[SourceTitle "playchess.com"]
[Source "ChessBase"]
[SourceQuality "1"]
[WhiteTeam "Spain"]
[BlackTeam "Ukraine"]
[WhiteTeamCountry "ESP"]
[BlackTeamCountry "UKR"]

{[%evp 21,73,13,22,9,25,14,27,33,19,13,20,10,16,13,20,18,21,21,18,18,31,18,21,
13,32,32,37,35,45,45,47,54,59,47,68,55,70,63,71,71,71,71,71,49,71,55,58,56,71,
71,79,71,71,0]} 1. e4 c6 2. d4 d5 3. exd5 cxd5 4. Bd3 Nc6 5. c3 Nf6 6. Nf3 Bg4
7. h3 Bh5 8. Bf4 e6 9. Nbd2 Bd6 10. Bxd6 Qxd6 11. O-O O-O 12. Re1 {B13:
Caro-Kann: Exchange Variation and Panov-Botvinnik Attack.} Nd7 13. Qb1 Bg6 14.
Bxg6 {White has an edge.} hxg6 {[#]} 15. a4 $146 ({Predecessor:} 15. Qd3 b5 16.
Rac1 a5 17. Rc2 Rfb8 18. b3 a4 19. b4 Ra7 20. a3 Rc7 21. Nb1 {0-1 (50)
Nesovanovic,M (1987)-Dodic,D (2147) Belgrade 2009}) 15... a6 16. Qd3 Rfe8 17.
Re3 Ne7 18. a5 Qc7 19. Re2 Rac8 20. Nb3 Qf4 21. Qd2 Qxd2 22. Nbxd2 Nf5 23. Ra4
Nd6 24. h4 Rc6 25. Ne1 Rec8 26. Nd3 Kf8 27. g3 Nb5 28. Re1 Nd6 29. Kg2 Nc4 30.
Nxc4 Rxc4 31. Ra3 Ke7 32. f4 Kd6 33. Kf3 Rb8 34. Rea1 Rbc8 35. Rb3 {White is
better.} Kc7 36. Raa3 Rh8 37. Ra1 {Weighted Error Value: White=0.05/Black=0.08}
({White should try} 37. Ke3 $16) 1/2-1/2